| 000 | 00971nam a2200217 a 4500 | ||
|---|---|---|---|
| 001 | 20678 | ||
| 003 | CO-ViMGA | ||
| 008 | 141112s2004 ck r 000 u spa d | ||
| 020 | _a950065038 | ||
| 040 |
_aCO-ViMGA _bspa _cCO-ViMGA |
||
| 082 | 0 | 4 | _aR616.5 D375 6ed. |
| 100 | 1 |
_aFreedberg, Irwin; Eisen, Arthur; Wolff, Klaus _929951 |
|
| 245 | 1 | 0 | _aDermatología en medicina general |
| 250 | _a6 3V. | ||
| 260 |
_aBuenos Aires : _bMedica panAméricana, _c2005 |
||
| 505 | _aVolumen 1 : Introducción biología y desarrollo de la piel - - Volumen 2 : Dermatologia y medicina enfermedades del tejido subcutáneo - - Volumen 3 : enfermedades causadas por agentes microbianos, infestaciones, mordeduras y picaduras terapeutica | ||
| 590 | _aForma de adquisición : Compra fact.0536 - - Precio : 1590000 - - Proveedor : Temas y libros - - Fecha de adquisición : Abril 2006 | ||
| 650 | 1 | 4 |
_aDERMATOLOGIA _951403 |
| 650 | 1 | 4 |
_aENFERMEDADES DE LA PIEL _951404 |
| 942 |
_2ddc _cBK |
||
| 999 |
_c29671 _d29671 |
||